[Event "Xativa Murta op 1st"]
[Site "Xativa"]
[Date "2015.08.27"]
[Round "6"]
[White "Hassomal Daswani, Birjkumar"]
[Black "Morant Amezaga, Elies"]
[Result "1-0"]
[WhiteElo "2109"]
[BlackElo "1975"]
[PlyCount "75"]
[EventDate "2015.08.25"]
[EventType "swiss"]
[EventRounds "9"]
[EventCountry "ESP"]
[SourceTitle "EXT 2016"]
[Source "ChessBase"]
[SourceDate "2015.10.08"]
[SourceVersion "1"]
[SourceVersionDate "2015.10.08"]
[SourceQuality "1"]

1. e4 e5 2. Nf3 Nf6 3. Nxe5 d6 4. Nf3 Nxe4 5. d4 d5 6. Bd3 Be7 7. 0-0 Nc6 8. Nc3 Nxc3 9. bxc3 0-0 10. Bf4 Bg4 11. Re1 Bd6 12. Bxd6 cxd6 13. Re3 Qd7 14. Qd2 Rfe8 15. Rae1 Bxf3 16. Rxf3 Rxe1+ 17. Qxe1 Re8 18. Re3 Rxe3 19. fxe3 g6 20. c4 dxc4 21. Bxc4 Qf5 22. Qf2 Qxf2+ 23. Kxf2 h5 24. Kf3 Kg7 25. c3 Kf6 26. h4 a6 27. Kf4 Ne7 28. e4 b5 29. Be2 Nc6 30. Bf3 b4 31. Ke3 Ke7 32. e5 Nb8 33. cxb4 dxe5 34. dxe5 f6 35. exf6+ Kxf6 36. Kd4 Ke6 37. Be4 Kf6 38. Kc5 1-0

[Event "Xativa Murta op 1st"]
[Site "Xativa"]
[Date "2015.08.26"]
[Round "3"]
[White "Morant Amezaga, Elies"]
[Black "Serrano Felipe, Rafael"]
[Result "1-0"]
[WhiteElo "1975"]
[BlackElo "2168"]
[PlyCount "99"]
[EventDate "2015.08.25"]
[EventType "swiss"]
[EventRounds "9"]
[EventCountry "ESP"]
[SourceTitle "EXT 2016"]
[Source "ChessBase"]
[SourceDate "2015.10.08"]
[SourceVersion "1"]
[SourceVersionDate "2015.10.08"]
[SourceQuality "1"]

1. d4 Nf6 2. c4 c5 3. d5 e6 4. Nc3 exd5 5. cxd5 d6 6. e4 g6 7. Nf3 Bg7 8. Be2 a6 9. a4 Bg4 10. 0-0 Bxf3 11. Bxf3 0-0 12. Bg5 Nbd7 13. Qd2 Re8 14. g3 c4 15. Be3 Qc7 16. a5 Nc5 17. Bxc5 Qxc5 18. Na4 Qb5 19. Nb6 Rad8 20. Qc2 Nd7 21. Qxc4 Qxb2 22. Rab1 Nxb6 23. axb6 Qf6 24. Bg4 h5 25. Bh3 h4 26. Qc7 Rb8 27. Bd7 Red8 28. Kg2 Qe7 29. Bc8 Qxc7 30. bxc7 Rdxc8 31. cxb8Q Rxb8 32. Rb6 Bd4 33. Rxd6 Bc5 34. Rd7 b5 35. Rc1 Bb6 36. Rb1 Kf8 37. d6 Bd8 38. e5 Ke8 39. Ra7 a5 40. Kf3 b4 41. Ke4 Rb5 42. f4 Rc5 43. Kd3 Rc3+ 44. Kd2 Rc4 45. Rc1 Rd4+ 46. Ke3 Rd5 47. Ke4 Rb5 48. Rc8 b3 49. Raa8 Rb4+ 50. Kd3 1-0

[Event "Mislata op-A 47th"]
[Site "Mislata"]
[Date "2013.08.19"]
[Round "9"]
[White "Moreno Vicente, Jesus Miguel"]
[Black "Morant Amezaga, Elies"]
[Result "1-0"]
[WhiteElo "1801"]
[BlackElo "2022"]
[PlyCount "131"]
[EventDate "2013.08.12"]
[EventType "swiss"]
[EventRounds "9"]
[EventCountry "ESP"]
[SourceTitle "EXT 2024"]
[Source "ChessBase"]
[SourceDate "2023.10.10"]
[SourceVersion "1"]
[SourceVersionDate "2023.10.10"]
[SourceQuality "1"]

1. e4 e5 2. Nf3 Nf6 3. Nxe5 d6 4. Nf3 Nxe4 5. Nc3 Nf6 6. d4 Be7 7. Bg5 Nc6 8. Bc4 0-0 9. Qd2 a6 10. 0-0 Bg4 11. Be2 d5 12. h3 Bh5 13. Rfe1 Re8 14. Rad1 Bb4 15. Qf4 Re6 16. Qh4 Bg6 17. Bd3 Rxe1+ 18. Rxe1 Be7 19. Bxg6 fxg6 20. Ne5 Ne8 21. Qg4 Nxe5 22. Qe6+ Kf8 23. Bxe7+ Qxe7 24. Qxe7+ Kxe7 25. Rxe5+ Kf7 26. Nxd5 Rd8 27. c3 c6 28. Nf4 Nd6 29. Ne6 Rd7 30. Ng5+ Kg8 31. b3 h6 32. Ne4 Nf5 33. Nc5 Rc7 34. Re8+ Kf7 35. Rb8 Nd6 36. f3 g5 37. Kf2 Re7 38. Ne4 Ke6 39. Ke3 Kd7 40. Kd3 Kc7 41. Rf8 Rf7 42. Rxf7+ Nxf7 43. Nc5 Nd8 44. Ke4 Kd6 45. Kf5 Kd5 46. Kg6 b6 47. Nxa6 Ne6 48. Nb4+ Kd6 49. Nd3 Kd5 50. Nb4+ Kd6 51. g3 Kd7 52. Nc2 Ke7 53. Ne3 Kf8 54. Nc4 b5 55. Ne5 b4 56. cxb4 Nxd4 57. a4 Ke7 58. Kxg7 h5 59. a5 Ke6 60. a6 Kxe5 61. a7 Ne6+ 62. Kg6 Nc7 63. Kxg5 Kd4 64. f4 Kc3 65. f5 Kxb4 66. f6 1-0

[Event "Mislata op-A 47th"]
[Site "Mislata"]
[Date "2013.08.14"]
[Round "4"]
[White "Gonzalez Santamartina, Jorge"]
[Black "Morant Amezaga, Elies"]
[Result "1/2-1/2"]
[WhiteElo "1891"]
[BlackElo "2022"]
[PlyCount "200"]
[EventDate "2013.08.12"]
[EventType "swiss"]
[EventRounds "9"]
[EventCountry "ESP"]
[SourceTitle "EXT 2024"]
[Source "ChessBase"]
[SourceDate "2023.10.10"]
[SourceVersion "1"]
[SourceVersionDate "2023.10.10"]
[SourceQuality "1"]

1. e4 e5 2. Nf3 Nf6 3. Nxe5 d6 4. Nf3 Nxe4 5. d4 d5 6. Bd3 Be7 7. 0-0 Nc6 8. Re1 Bg4 9. c3 Nf6 10. Nbd2 0-0 11. Nf1 Re8 12. h3 Bh5 13. Ng3 Bg6 14. Ne5 Nxe5 15. dxe5 Ne4 16. Bxe4 dxe4 17. Qxd8 Raxd8 18. Bf4 f5 19. exf6 Bxf6 20. Rad1 c5 21. Rxd8 Bxd8 22. Rd1 Bf6 23. Rd7 Re7 24. Rxe7 Bxe7 25. Kf1 Bf7 26. b3 c4 27. b4 Bd5 28. Be5 g6 29. Ke2 Bg5 30. Nf1 Kf7 31. Ne3 Bc6 32. Bd4 a6 33. g3 Ke6 34. Bg7 Ba4 35. Bd4 Be7 36. a3 Bb5 37. h4 Bd6 38. Bg7 Bd7 39. Kd2 Bb5 40. Bd4 Bf8 41. Bh8 Bd6 42. Bd4 Bc7 43. Ke2 a5 44. Kd2 Bd6 45. Ke2 Ba4 46. Kd2 Bb3 47. Ke2 Bf8 48. Kd2 Ba2 49. Kc2 Bb3+ 50. Kd2 Be7 51. Bg7 Ba2 52. Bd4 Bf8 53. Kc2 Bb3+ 54. Kd2 Kd7 55. Bf6 Kc6 56. Bd4 Kb5 57. Kc1 Bh6 58. Kb2 Ka4 59. Be5 Kb5 60. Bd4 axb4 61. axb4 Kc6 62. Kc1 Kd6 63. Kd2 Ke6 64. Ke1 Bf8 65. Kd2 Be7 66. Ke1 Ba2 67. Kd2 Bf8 68. Ke1 Kd7 69. Kd2 Kc6 70. Kc2 Bd6 71. Kb2 Bb3 72. Bg7 Bc7 73. Bd4 Bd8 74. Kc1 Bc7 75. Kb2 Kd6 76. Kc1 Ke6 77. Kd2 Bd6 78. Bg7 Be7 79. Ke1 Bd8 80. Bd4 h6 81. Bg7 h5 82. Bd4 Ba2 83. Kd2 b5 84. Kc1 Bb3 85. Kd2 g5 86. hxg5 Bxg5 87. Kc1 h4 88. gxh4 Bxh4 89. Ng2 Bg5+ 90. Be3 Bf6 91. Kd2 Kf5 92. Nf4 Kg4 93. Nd5 Bh4 94. Ke1 Kf3 95. Nc7 Ba4 96. Ne6 Bf6 97. Nd4+ Kg2 98. Kd2 Be5 99. Ke1 Bf6 100. Ke2 Be5 1/2-1/2

[Event "Mislata op-B 45th"]
[Site "Mislata"]
[Date "2011.08.21"]
[Round "9"]
[White "Mingarro Carceller, Sergi"]
[Black "Morant Amezaga, Elies"]
[Result "1/2-1/2"]
[WhiteElo "2069"]
[BlackElo "1994"]
[PlyCount "135"]
[EventDate "2011.08.15"]
[EventType "swiss"]
[EventRounds "9"]
[EventCountry "ESP"]
[SourceTitle "EXT 2014"]
[Source "ChessBase"]
[SourceDate "2013.11.20"]
[SourceVersion "1"]
[SourceVersionDate "2013.11.20"]
[SourceQuality "1"]

1. e4 e5 2. Nf3 Nf6 3. Nxe5 d6 4. Nf3 Nxe4 5. Nc3 Nxc3 6. dxc3 Be7 7. Be3 0-0 8. Qd2 Nc6 9. 0-0-0 Ne5 10. Be2 Re8 11. Bf4 Bf6 12. h4 Be6 13. Ng5 d5 14. Bxe5 Bxe5 15. f4 Bd6 16. g4 f6 17. Nxe6 Rxe6 18. Bd3 c6 19. Bf5 Re7 20. g5 Qc7 21. Kb1 Rf8 22. Rdf1 g6 23. Bg4 f5 24. Bf3 Ref7 25. Bd1 Re8 26. h5 Bf8 27. hxg6 hxg6 28. Rh4 Ree7 29. a3 Rh7 30. Rxh7 Rxh7 31. Qd4 a6 32. Re1 Re7 33. Rxe7 Qxe7 34. Bf3 Bg7 35. Qd2 Kf8 36. Ka2 Qe6 37. Kb1 Ke7 38. Qf2 Kd7 39. Qb6 Kc8 40. Qf2 Kc7 41. Qc5 b6 42. Qf2 Qe7 43. Be2 a5 44. Bf3 Bf8 45. Qd4 Qe6 46. Qd3 Qe7 47. Ka2 Qe6 48. Kb1 Kb7 49. Be2 b5 50. a4 Qe4 51. axb5 Qxd3 52. Bxd3 Bd6 53. Kc1 Bxf4+ 54. Kd1 Bxg5 55. bxc6+ Kxc6 56. b3 Kd6 57. Ke2 Ke5 58. Kf3 Bd2 59. c4 dxc4 60. Bxc4 g5 61. Ba6 Bc3 62. Bc8 g4+ 63. Kg3 Ke4 64. Bd7 Be5+ 65. Kg2 Kf4 66. c4 Bd6 67. Bc8 Be5 68. Bd7 1/2-1/2

[Event "Mislata op-B 45th"]
[Site "Mislata"]
[Date "2011.08.18"]
[Round "5"]
[White "Hurtado Oldridge, Felipe"]
[Black "Morant Amezaga, Elies"]
[Result "0-1"]
[WhiteElo "2079"]
[BlackElo "1994"]
[PlyCount "43"]
[EventDate "2011.08.15"]
[EventType "swiss"]
[EventRounds "9"]
[EventCountry "ESP"]
[SourceTitle "EXT 2014"]
[Source "ChessBase"]
[SourceDate "2013.11.20"]
[SourceVersion "1"]
[SourceVersionDate "2013.11.20"]
[SourceQuality "1"]

1. d4 Nf6 2. Bg5 g6 3. Nc3 d5 4. Qd2 Bg7 5. 0-0-0 Nc6 6. f3 0-0 7. h4 Nh5 8. Bh6 Ng3 9. Rh2 Nxf1 10. Rxf1 Bxh6 11. Qxh6 Qd6 12. Nh3 Bxh3 13. Rxh3 Nxd4 14. g4 Qe5 15. e3 Ne6 16. h5 Qg5 17. hxg6 Qxh6 18. gxf7+ Kg7 19. Rxh6 Kxh6 20. Nxd5 Rfd8 21. Nc3 Ng5 22. e4 0-1